Peribáñez y el comendador de Ocaña
Gespeichert in:
| 1. Verfasser: | |
|---|---|
| Format: | Buch |
| Sprache: | Spanisch |
| Veröffentlicht: |
Buenos Aires
Espasa Calpe
1963
|
| Ausgabe: | 9a. ed |
| Schriftenreihe: | Colección Austral, 43
|
| Schlagworte: | |
| Tags: |
Tag hinzufügen
Keine Tags, Fügen Sie den ersten Tag hinzu!
|
MARC
| LEADER | 00000nam a2200000 a 4500 | ||
|---|---|---|---|
| 001 | UCX3026 | ||
| 003 | CL-VaPUC | ||
| 008 | 910913e19630000AG |||||||||||||||||spa|d | ||
| 082 | 0 | 4 | |a 862 |b VEG |2 21 |
| 100 | 0 | |a Vega, Lope de |e author |9 319153 | |
| 245 | 1 | 0 | |a Peribáñez y el comendador de Ocaña |
| 246 | 1 | 3 | |a La estrella de Sevilla |
| 250 | |a 9a. ed | ||
| 300 | |a 225 p | ||
| 942 | |c BK | ||
| 945 | |d 19910913 00:00:00 | ||
| 260 | |a Buenos Aires |b Espasa Calpe |c 1963 | ||
| 650 | 0 | |a Drama español |9 265098 | |
| 583 | |a last modification |c 19910913 00:00:00 |k Rodrigo Vera | ||
| 490 | 0 | |a Colección Austral, 43 | |
| 999 | |c 223907 |d 223905 | ||
| 952 | |0 0 |1 0 |4 0 |6 862_000000000000000_VEG_1963 |7 0 |8 A |9 220154 |a BIBEDU |b BIBEDU |d 2019-11-15 |i 2888440 |o 862 VEG 1963 |p 2888440 |r 2019-11-15 |w 2019-11-15 |y BK |k LIT | ||